000 00815nam a22002177a 4500
005 20100825161735.0
010 _aENG-101379
020 _a9788180386350
_c1695.00
035 _aEN-84912
037 _bDBAD/PUB
082 _a332.632
100 _aKothari,Vinod
_917187
245 _aSecuritisation asset reconstruction & enforcement of securtiy interests /
_cby Vinod Kothari
250 _b3rd rev. ed.
260 _aGurgaon
_bLexis Nexis
_c2010
270 _a14 th Floor Building No 10 Tower -B DLF Cyber City Phase II
_bGurgaon
_e122002
300 _axci,1170p
_c25cm(Hb)
500 _aincludes index
942 _2ddc
_cEN
_h332.632
_mKOT
999 _c43085
_d43085